01060naa#a2200181#i#4500001001600000005001700016011001400033100004100047102000700088200025300095210021400348215001100562608004500573675013900618700005200757700005200809856001700861RU\\bibl\12682720260701063714.3##a1815-588X##a20260630b2026####ek#y0rusy0150####ca##aRU1#aЦифровизация экологического мониторинга строительного производства на основе технологии «Строительный конвейер»eЖурнальная статья1#aСанкт-ПетербургcФГБОУ ВО "Петербургский государственный университет путей сообщения Императора Александра I"d2026##a11 с.##aЖурнальная статья2local##aИсследование поведения объекта на основе его математической модели. 004.942#1aИсламовgКамиль Фаритович#1aКазанскаяgЛилия Фаатовна4#aitt-pgups.ru